Guess the Anime 2 - Statistics

General Stats
  • This quiz has been taken 268 times
  • The average score is 4 of 18
Answer Stats
Hint Answer % Correct
Featuring an immature, golden haired ninja with a dark spirted hidden within him, this anime’s ending in 2014 after fifteen years on air polarised fans across the world Naruto
92%
Practically every nation on Earth and their extravagant stereotypes are represented one time or another on this seemingly endless series, although “Germany” and “Italy” are two of the starring countries. Hetalia
53%
In a world inspired by the ancient tales of “One Thousand and One Nights”, Aladdin and Alibaba must overcome great danger to uncover the priceless treasures hidden within perilous dungeons across the land. Magi: The Labyrinth of Magic
42%
An unorthodox ex gangster must tame a junior high class full of rowdy students in a quest to become the “greatest” teacher ever known to man. Great Teacher Onizuka
33%
A passionate gamer and beta tester finds himself stranded on a tropical island with a bag full of bombs and no recollection of how he managed to get there. The only way he can escape is to kill seven other players before they kill him in an outrageous recreation of a popular video game. Btooom!
26%
It turns out the supreme being of the universe is a girl in the freshman year at high school! The sceptical Kyon is soon dragged into a series of unfortunate events that could shape the very fabric of space and time with disastrous results. The Melancholy of Haruhi Suzumiya
25%
Bizarrely, in a lawless dystopian world Samuel L. Jackson stars as a bloodthirsty swordsman hell bent on avenging his father’s brutal death at the hands of the enigmatic Justice. Afro Samurai
23%
An innocent, former Japanese businessman, now dubbed “Rock”, is the latest inductee into a mercenary gang specialising in the high sakes world of modern day piracy upon the South China Sea. Black Lagoon
20%
It might be far in the future but there’s a groovy, pompadour sporting, renowned bounty hunter straight out of the 1950s hanging about, as he hunts down weird and wonderful aliens across the universe. Space Dandy
19%
How would you react if your mind was inexplicably transferred between your friends’ bodies at random intervals with no prior warning? Not well? Neither would five friends who are subjected to a bizarre experiment by the cryptic “Heartseed”. Kokoro Connect
17%
A master thief and his two companions pull off some of the greatest heists of all time while constantly evading the law. One highly acclaimed adaption was Hayao Miyazaki’s first crack at directing a full length feature film. Lupin III
16%
Sergeant Sousuke Sagara’s latest assignment is certainly not cut out for him as he is posted to guard the life of Kaname Chidori. Looks like it's back to high school for the unfortunate Sergeant! Full Metal Panic!
13%
A new transfer student and a lonely girl together form the Neighbours Club in an effort to make new friends, although once the club is in full swing it doesn’t seem to be very effective. Haganai
12%
A softly spoken pianist and boisterous drummer form an unlikely friendship as they bond over the pizazz of jazz music in the summer of 1966. Kids on the Slope
6%
The infamous wizard Dark Schneider is resurrected to battle against the Four Lords of Havoc and stop the ancient god of destruction, Anthrasax, in a fantasy world inspired by heavy metal. Bastard!!
5%
Keitaro's is a little down on his luck when he fails to qualify for a place at Tokyo University, although this curse quickly becomes a blessing (arguably) when a twist of fate lands him the managerial position of an all-girl dormitory at his Grandmother’s old hotel. Love Hina
4%
Two outlaws’ lives are changed forever when they hijack an experimental spaceship known as the XGP along with its resident android. Determined to find the Galactic Leyline, which is rumoured to hold a legendary treasure, their adventure into the depths of space begins. Outlaw Star
4%
It’s “Lord of the Flies” in space as a group of young astronauts are stranded aboard a space station after a mysterious sabotage. Who can they trust as the situation becomes more and more desperate? Infinite Ryvius
0%
No matching quizzes found
Score Distribution
Percent of People with Each Score
Percentile by Number Answered
Your Score History
You have not taken this quiz